| Tag |
First Indicator |
Second Indicator |
Subfields |
| LEADER |
00000cas a2200000L 4500 |
| 001 |
in00000077939 |
| 005 |
20151008055058.0 |
| 008 |
750907d18841944gw mr p 0uuua1ger |
| 010 |
|
|
|a 05021787
|
| 035 |
|
|
|a (OCoLC)01605139
|
| 035 |
|
|
|9 AAJ2491AM
|
| 040 |
|
|
|a MUL
|c MUL
|d TXA
|d UtOrBLW
|
| 049 |
|
|
|a TXAE
|
| 050 |
|
0 |
|a QC851
|b .M3
|
| 245 |
0 |
0 |
|a Meteorologische Zeitschrift.
|
| 264 |
|
1 |
|a Braunschweig :
|b F. Vieweg.
|
| 336 |
|
|
|a text
|b txt
|2 rdacontent
|
| 337 |
|
|
|a unmediated
|b n
|2 rdamedia
|
| 338 |
|
|
|a volume
|b nc
|2 rdacarrier
|
| 515 |
|
|
|a Vols. 3-55, no. 3 (Jan. 1886-Mar. 1938) called also Bd. 21-73, Heft 3 of Zeitschrift der Osterreichischen Gesellschaft fur Meteorologie.
|
| 525 |
|
|
|a Supplements accompany some issues.
|
| 550 |
|
|
|a Issued under the auspices of the Deutsche Meteorologische Gesellschaft (with the Osterreichische Gesellschaft fur Meteorologie, Jan. 1886-Mar. 1938)
|
| 550 |
|
|
|a Imprint varies: 1884-88, Berlin, A. Asher.--1889-1905, Wien, E. Holzel.
|
| 500 |
|
|
|a Editors: 1884-85, W. Koppen; 1886-1920, J. von Hann (with W. Koppen, 1886-91, G. Hellmann, 1892-1907, R. Suring, 1908-20); 1921-44, R. Suring (with F. M. Exner, 1921-30, W. Schmidt, 1931-36, F. Steinhauser, 1937-44)
|
| 650 |
|
0 |
|a Meteorology
|v Periodicals.
|
| 700 |
1 |
|
|a Exner, Felix Maria,
|d 1876-1930.
|
| 700 |
1 |
|
|a Hann, Julius von,
|d 1839-1921.
|
| 700 |
1 |
|
|a Hellmann, Gustav,
|d 1854-1939.
|
| 700 |
1 |
|
|a Koppen, Wladimer Peter,
|d 1846-1940.
|
| 700 |
1 |
|
|a Pernter, Josef Maria,
|d 1848-1908.
|
| 700 |
1 |
|
|a Schmidt, Wilhelm,
|d 1883-1936.
|
| 700 |
1 |
|
|a Steinhauser, Ferdinand.
|
| 700 |
1 |
|
|a Süring, Reinhard Joachim,
|d 1866-1950.
|
| 710 |
2 |
|
|a Deutsche Meteorologische Gesellschaft.
|
| 710 |
2 |
|
|a Österreichische Gesellschaft für Meteorologie.
|
| 785 |
0 |
2 |
|t Zeitschrift fur Meteorologie
|g Oct. 1946
|
| 999 |
|
|
|a MARS
|
| 999 |
f |
f |
|s 0f70905a-7600-315f-9135-00b18489f0f5
|i 891a1343-4ef3-3d11-9aba-3576f4432dab
|t 0
|
| 952 |
f |
f |
|a Texas A&M University
|b College Station
|c Sterling C. Evans Library
|d Evans: Library Stacks
|t 0
|e QC851 .M3
|h Library of Congress classification
|
| 998 |
f |
f |
|a QC851 .M3
|s Bd.2-61 (1885-1944)
|t 0
|l Evans: Library Stacks
|